| 000 | 00382pab a2200145 454500 | ||
|---|---|---|---|
| 008 | 180718b1988 xxu||||| |||| 00| 0 eng d | ||
| 100 | _aMurashima, Eui | ||
| 245 | _aThe origin of modern official state ideology in Thailand | ||
| 260 | _c1988 | ||
| 300 | _a80-96 | ||
| 362 | _aMar. | ||
| 650 | _aDemocracy - Thailand | ||
| 773 | _aJournal of Southeast Asian Studies | ||
| 909 | _a7241 | ||
| 999 |
_c7241 _d7241 |
||